LIBRARY & INFORMATION CENTRE, KCAET, TAVANUR

ONLINE PUBLIC ACCESS CATALOGUE (OPAC)

Pathinettu Patinjaran Kathakal / (Record no. 3818)

MARC details
000 -LEADER
fixed length control field 00399cam a2200157ua 4500
041 ## - LANGUAGE CODE
Language code of text/sound track or separate title mal
082 ## - DEWEY DECIMAL CLASSIFICATION NUMBER
Classification number 894.812 301
Item number ROB/PA
100 ## - MAIN ENTRY--AUTHOR NAME
Personal name Robert , A S .
245 ## - TITLE STATEMENT
Title Pathinettu Patinjaran Kathakal /
260 ## - PUBLICATION, DISTRIBUTION, ETC. (IMPRINT)
Place of publication Kottayam :
Name of publisher National Book Stall ,
Year of publication 1956.
300 ## - PHYSICAL DESCRIPTION
Number of Pages 349 ; .
942 ## - ADDED ENTRY ELEMENTS (KOHA)
Koha item type Books
Holdings
Withdrawn status Lost status Damaged status Home library Current library Date acquired Full call number Accession Number Koha item type Cost, normal purchase price
      KAUAET KAUAET 07/04/2012 894.812 301 12396 Books  
Withdrawn     KAUAET KAUAET 07/04/2012 894.812 301 1163   2.50
free website counter